000 00455nam a2200193Ia 4500
005 20240823015700.0
008 240823s9999||||xx |||||||||||||| ||und||
020 _a81-7992-242-1
041 _aENGLISH
082 _A150.287 P5
100 _a"Toplis,John etal"
245 0 _aPsychological Testing
250 _a1st
260 _c2005
_b"Jaico Pub,M"
_aMumbai
500 _aYES
650 _apsychological
_bGeneral
942 _cBK
999 _c172990
_d172990